000
00216 a2200085 4500
020
_a
9780521139212
082
_a
J 796.33409689 ABAN
100
_a
ABANG Walang M
_9
137400
245
_a
African soccer stars & Legends MALAWI
999
_c
751142
_d
751141
942
_w
392
_x
Veronica Mrwebi
_y
392
_z
Veronica Mrwebi